El teatro San Martín /

El lenguaje informa, explica, argumenta, recrea ficciones, define formatos, narra, describe, divulga y estimula asociaciones. Esta serie propone un acercamiento a la lengua y a la literatura.

Guardado en:
Autor Principal: Sauvignone, Marcelo
Autor Corporativo: Canal Encuentro.
Otros Autores: Savino, Sebastián; Dirección General.
Formato: Deslizar
Publicado: Argentina, 2009.
Series:Horizontes Lengua II
Materias:
Etiquetas: Agregar Etiqueta
Sin Etiquetas, Sea el primero en etiquetar este registro!
LEADER 00934ngm a22002295g 4500
001 CEM.cems023831
008 130507s2009##################0###0#####d
005 20250704162838.0
245 1 0 |a El teatro San Martín /  |c Marcelo Sauvignone. 
260 |a Argentina,  |c 2009. 
300 |a 28'. 
490 1 |a Horizontes Lengua II 
500 |a Consultar en ventanilla. 
538 |a Soporte: DVD - Formato: AVI - Resolución: 720 x 540 - Grabación DRD 
520 |a El lenguaje informa, explica, argumenta, recrea ficciones, define formatos, narra, describe, divulga y estimula asociaciones. Esta serie propone un acercamiento a la lengua y a la literatura. 
100 1 |a Sauvignone, Marcelo 
700 1 |a Savino, Sebastián; Dirección General. 
710 2 |a Canal Encuentro. 
082 4 0 |/ SAU-3 
653 |a SERIE DE TELEVISIÓN 
653 |a TEATRO SAN MARTIN 
859 |a CEMS  |b BIB. CEMS - Depto. Recursos Didacticos  |h 401  |i SAU-3  |k DRD  |p 2474.15  |t Ej.1